000 00469nam a2200181Ia 4500
001 25361
005 20260414151144.0
008 260414t2022||||xx |||||||||||||| ||spa||
041 _aESP
082 _a346.5
_bD84N
110 _aDivisión de Estudios Jurídicos de Gaceta Jurídica
245 0 _aLa nulidad procesal en la jurisprudencia
_b
260 _c2022
300 _a478 páginas :
_c25 cm.
650 _aDER
654 _aCDE
942 _cLIB
_dJUS
_fJUS
_2ddc
_n
999 _c25361
_d25361